| 000 | 00647nam a22002177a 4500 | ||
|---|---|---|---|
| 999 |
_c262952 _d262951 |
||
| 003 | OSt | ||
| 005 | 20240221113354.0 | ||
| 008 | 240221b xxu||||| |||| 00| 0 eng d | ||
| 010 | _a2006023761 | ||
| 020 | _a 9780060564810 (trade bdg.) ) | ||
| 020 | _a 0060564814 (trade bdg.) | ||
| 020 | _a 9780060564827 (lib. bdg.) | ||
| 020 | _a 0060564822 (lib. bdg.) | ||
| 040 |
_cDLC _dRU |
||
| 050 |
_aPZ7 _b.C67345 2007 |
||
| 100 |
_aCole, Henry, _d1955- |
||
| 245 |
_a On Meadowview Street / _cHenry Cole. |
||
| 260 |
_a New York : _b Greenwillow Books, _c c2007. |
||
| 300 |
_a 1 v. (unpaged) : _b col. ill. ; _c 28 cm. |
||
| 942 |
_2lcc _cBK |
||